[Event "Julian Mazur Memorial"]
[Site "Wellington Chess Club"]
[Date "2021.08.05"]
[Round "3.12"]
[White "Pendharkar, Ajit"]
[Black "Tanoi, Edward"]
[Result "1-0"]
[WhiteElo "1686"]
[BlackElo "2078"]

1. d4 Nf6 2. c4 e6 3. Nc3 d5 4. e3 c5 5. Nf3 Nc6 6. Bd3 Be7 7. O-O O-O 8. cxd5
exd5 9. h3 a6 10. dxc5 Bxc5 11. a3 Re8 12. b4 Bf8 13. Bb2 Bd7 14. Ne2 Na7 15.
Rc1 Nb5 16. Ng3 Nd6 17. Nh4 Nfe4 18. Nf3 Nxg3 19. fxg3 Rxe3 20. Bd4 Re8 21. Ne5
Be6 22. Rf4 Qg5 23. Kh2 Nf5 24. Bxf5 Bxf5 25. Nf3 Qh5 26. g4 Bxg4 27. Rxg4 h6
28. Kh1 Rac8 29. Bc5 Bxc5 30. Rxc5 Rcd8 31. Qd4 g6 32. Rh4 Qf5 33. Rxh6 f6 34.
Rc7 Rd7 35. Rxd7 Qxd7 36. Qxf6 Qg7 37. Rxg6 1-0

[Event "Julian Mazur Memorial"]
[Site "Wellington Chess Club"]
[Date "2021.08.05"]
[Round "3.13"]
[White "Hall, Nathan"]
[Black "Scott, Callum"]
[Result "1-0"]
[WhiteElo "1974"]
[BlackElo "1679"]

1. e4 c5 2. Nc3 g6 3. f4 Bg7 4. Nf3 e6 5. d4 cxd4 6. Nxd4 Ne7 7. Ndb5 O-O 8.
Qd6 b6 9. Nc7 Bb7 10. Nxa8 Bxa8 11. Bd2 Nc8 12. Qxb8 Bc6 13. O-O-O Qe7 14. Qc7
Nd6 15. e5 Nc8 16. Ba6 1-0

[Event "Julian Mazur Memorial"]
[Site "Wellington Chess Club"]
[Date "2021.08.05"]
[Round "3.15"]
[White "Symon, Christopher"]
[Black "Osborne, Geoff"]
[Result "1-0"]
[WhiteElo "1895"]
[BlackElo "1477"]

1. e4 d6 2. Nf3 g6 3. d4 Bg7 4. Bc4 e6 5. O-O b6 6. Bg5 Ne7 7. Qd2 h6 8. Be3
Nd7 9. c3 Bb7 10. d5 e5 11. h3 f5 12. exf5 Nxf5 13. Re1 Nxe3 14. Qxe3 Qe7 15.
Nd4 O-O 16. Ne6 Rf7 17. Nd2 Nf6 18. Qd3 Kh7 19. Ne4 Nxe4 20. Qxe4 Rc8 21. Bd3
Rf6 22. Qg4 Bxd5 23. Nxg7 Rg8 24. Nh5 Rf7 25. Nf4 Qf6 26. Nxd5 Qxf2+ 27. Kh1
Qd2 28. Rad1 Qxb2 29. h4 Rf2 30. h5 Kh8 31. Ne7 g5 32. Qe6 1-0

[Event "Julian Mazur Memorial"]
[Site "Wellington Chess Club"]
[Date "2021.08.05"]
[Round "3.16"]
[White "Marney, John"]
[Black "Perrin, Brent"]
[Result "1/2-1/2"]
[WhiteElo "1663"]
[BlackElo "1859"]

1. e4 d5 2. exd5 Qxd5 3. Nc3 Qd8 4. d4 Nf6 5. Nf3 Bg4 6. Bc4 e6 7. h3 Bxf3 8.
Qxf3 c6 9. Be3 Bd6 10. O-O Nbd7 11. Rad1 O-O 12. Rfe1 Qc7 13. Bd3 Rfe8 14. Ne4
Nxe4 15. Qxe4 Nf6 16. Qh4 Qe7 17. Bg5 Rad8 18. Re4 h6 19. Bxf6 Qxf6 20. Qxf6
gxf6 21. Rg4+ Kf8 22. Rh4 Kg7 23. Rg4+ Kf8 24. Rh4 Kg7 25. Rg4+ 1/2-1/2

[Event "Julian Mazur Memorial"]
[Site "Wellington Chess Club"]
[Date "2021.08.05"]
[Round "3.17"]
[White "Herrera Lopez, Jaime"]
[Black "Heyworth, Nicholas"]
[Result "0-1"]
[WhiteElo "1616"]
[BlackElo "1838"]

1. Nf3 c5 2. b3 d5 3. Bb2 Nf6 4. e3 e6 5. c4 Be7 6. Be2 O-O 7. O-O Nc6 8. d4
dxc4 9. Bxc4 cxd4 10. Nxd4 Bd7 11. Nd2 Nxd4 12. Bxd4 Bc6 13. Qe2 Qa5 14. Bd3
Qg5 15. f4 Qh4 16. Nf3 Qh5 17. Rac1 Rfd8 18. a4 a6 19. Bb6 Bxf3 20. Rxf3 Rdc8
21. Rc2 Nd5 22. Bd4 Bf6 23. Bxf6 Nxf6 24. e4 Qa5 25. e5 Nd5 26. Bc4 Rd8 27. f5
Rac8 28. fxe6 fxe6 29. Rd2 Qc5+ 30. Qf2 Qe7 31. Rfd3 Rf8 32. Qe1 Nb6 33. Qe4
Qc5+ 34. Rd4 Nxc4 35. bxc4 Rf5 36. Re2 Rd8 37. Rd2 Rxe5 38. Qd3 Rxd4 39. Qxd4
Qxd4+ 40. Rxd4 Rc5 41. Kf2 Kf7 42. g4 Kf6 43. Kf3 Re5 44. c5 Rxc5 45. Rb4 b5
46. axb5 axb5 47. Rf4+ Ke7 48. Rb4 e5 49. g5 Kd6 50. Rh4 Rc3+ 51. Ke2 Rc7 52.
Rxh7 b4 53. Rh3 Kd5 54. Kd2 Rc4 55. Rb3 Ke4 56. h4 Kf4 57. Re3 e4 58. Rb3 Kg4
59. Rb1 Kxh4 60. Rg1 Rc5 61. g6 Rg5 62. Re1 Rg4 63. Ke3 Rxg6 64. Rb1 b3 65.
Kxe4 Rb6 66. Kf4 g5+ 67. Kf3 g4+ 68. Kf2 b2 69. Ke3 Kg3 70. Ke2 Kh2 0-1

[Event "Julian Mazur Memorial"]
[Site "Wellington Chess Club"]
[Date "2021.08.05"]
[Round "3.18"]
[White "Winsley, Daniel"]
[Black "Asher, Bruce"]
[Result "1-0"]
[WhiteElo "1829"]
[BlackElo "1135"]

1. c4 c5 2. Nc3 Nf6 3. g3 d6 4. e3 g6 5. Bg2 Nc6 6. Nge2 e5 7. O-O Bg7 8. d4
cxd4 9. exd4 exd4 10. Nxd4 Bd7 11. Re1+ Ne5 12. f4 Ng4 13. fxe5 dxe5 14. h3 O-O
15. hxg4 exd4 16. Nd5 Bc6 17. Ne7+ Kh8 18. Nxc6 bxc6 19. Bxc6 Rc8 20. Bd5 Qb6
21. Rb1 d3+ 22. Be3 Bd4 23. Qxd3 Bxe3+ 24. Qxe3 Qc7 25. Qe5+ Qxe5 26. Rxe5 Kg7
27. Rbe1 Rfd8 28. Re7 Rf8 29. Rxa7 Kf6 30. Rf1+ Kg5 31. Raxf7 Rfe8 32. a4 Kxg4
33. a5 Kxg3 34. R7f4 Re3 35. a6 Rc7 36. R4f3+ Rxf3 37. Rxf3+ Kg4 38. Rf7 Rc8
39. a7 1-0

[Event "Julian Mazur Memorial"]
[Site "Wellington Chess Club"]
[Date "2021.08.05"]
[Round "3.19"]
[White "Lynch, Oscar"]
[Black "Archer, Ollie"]
[Result "0-1"]
[WhiteElo "1559"]
[BlackElo "1822"]

1. d4 Nf6 2. Bg5 e6 3. e4 Be7 4. Bxf6 Bxf6 5. e5 Be7 6. Nf3 d5 7. Bd3 c5 8. c3
Nc6 9. Qc2 cxd4 10. cxd4 Nb4 11. Qd2 Nxd3+ 12. Qxd3 O-O 13. h4 b6 14. Ng5 g6
15. f4 f6 16. Nxh7 Kxh7 17. exf6 Rxf6 18. h5 Kg7 19. g4 Qc7 20. Qd2 Qxf4 21. g5
Qe4+ 22. Kd1 Qxh1+ 23. Kc2 Qe4+ 24. Kc1 Rf1+ 25. Qd1 Rxd1+ 26. Kxd1 Bxg5 27.
Nc3 Qd3+ 28. Ke1 Bh4# 0-1

[Event "Julian Mazur Memorial"]
[Site "Wellington Chess Club"]
[Date "2021.08.05"]
[Round "3.20"]
[White "Dunlop, Rafe"]
[Black "Winsley, Nicholas"]
[Result "0-1"]
[WhiteElo "1355"]
[BlackElo "1821"]

1. e4 e5 2. Nf3 Nc6 3. Bb5 a6 4. Ba4 Nf6 5. O-O Be7 6. Re1 b5 7. Bb3 O-O 8. c3
d5 9. exd5 Nxd5 10. Nxe5 Nxe5 11. Rxe5 c6 12. Qf3 Bd6 13. Re1 Re8 14. Rxe8+
Qxe8 15. Kf1 Qe5 16. Bxd5 cxd5 17. Qg3 Qf6 18. Qe3 Bd7 19. d4 Re8 20. Qd3 Bg4
21. Be3 Bxh2 22. Nd2 Bf5 23. Qe2 Qg6 24. Qf3 Bg4 25. Qxd5 Qd3+ 0-1

[Event "Julian Mazur Memorial"]
[Site "Wellington Chess Club"]
[Date "2021.08.05"]
[Round "3.21"]
[White "Jones, Christopher"]
[Black "Aldridge, Alan"]
[Result "1-0"]
[WhiteElo "1253"]
[BlackElo "1796"]

1. e4 e5 2. Nf3 Nc6 3. Bb5 a6 4. Ba4 Nf6 5. O-O b5 6. Bb3 Be7 7. Re1 O-O 8. c3
d6 9. h3 Na5 10. Bc2 c5 11. d4 Qc7 12. Nbd2 Bd7 13. Nf1 Rac8 14. d5 Nb7 15. Ng3
g6 16. Bh6 Rfe8 17. Nh4 Bf8 18. Bg5 Bg7 19. Qf3 Qd8 20. Nhf5 gxf5 21. exf5 Kh8
22. Re4 h6 23. Rh4 Kh7 24. Nh5 Rh8 25. Qg3 Kg8 26. Bxf6 1-0

[Event "Julian Mazur Memorial"]
[Site "Wellington Chess Club"]
[Date "2021.08.05"]
[Round "3.23"]
[White "Mangera, Muhammad"]
[Black "Rossiter, Philip"]
[Result "1/2-1/2"]
[WhiteElo "1218"]
[BlackElo "1781"]

1. e4 c5 2. Nf3 d6 3. d4 cxd4 4. Nxd4 Nf6 5. Nc3 a6 6. Bc4 e6 7. Bb3 Be7 8. Be3
Bd7 9. O-O Nc6 10. Re1 O-O 11. Qd2 Qc7 12. Rad1 Rac8 13. Nf3 Na5 14. Bg5 Nxb3
15. axb3 Kh8 16. e5 dxe5 17. Bxf6 Bxf6 18. Qxd7 Qb6 19. Nxe5 Bxe5 20. Rxe5 Kg8
21. Qd4 Qc6 22. Qd6 g6 23. Qxc6 Rxc6 24. Rd7 b5 25. b4 Rfc8 26. Re4 Rc4 27.
Rxc4 Rxc4 28. Ra7 Rxb4 29. b3 Rd4 30. Rxa6 Rd2 31. g3 b4 32. Na2 Rxc2 33. Nxb4
Rb2 34. Ra3 h5 35. h4 Kg7 36. Kg2 f6 37. Kf3 g5 38. hxg5 fxg5 39. Nd3 Rb1 40.
Nc5 Kf6 41. Ne4+ Kg6 42. Nd2 Rb2 43. Ke3 h4 44. gxh4 gxh4 45. Nf3 h3 46. Nh2 e5
47. Kf3 e4+ 48. Ke3 Kg5 49. Ra5+ Kh4 50. Rb5 Rb1 51. Rb6 Kg5 52. Rb5+ Kh4 53.
Rb6 Rb2 54. b4 Kg5 55. Rb8 Kf5 56. b5 Rb3+ 57. Kd2 Rb2+ 58. Ke3 Rb3+ 59. Kd2
Rb2+ 60. Ke3 Rb3+ 1/2-1/2

[Event "Julian Mazur Memorial"]
[Site "Wellington Chess Club"]
[Date "2021.08.05"]
[Round "3.25"]
[White "Evans, Oliver"]
[Black "Hupert, Leo"]
[Result "1-0"]
[WhiteElo "1550"]
[BlackElo "1141"]

1. d4 d5 2. Nf3 Nc6 3. c4 Nf6 4. cxd5 Nxd5 5. e4 Nf6 6. Nc3 Bg4 7. d5 Bxf3 8.
gxf3 Ne5 9. Bf4 Ng6 10. Bg3 e6 11. Bb5+ Nd7 12. dxe6 fxe6 13. Qxd7+ Qxd7 14.
Bxd7+ Kxd7 15. O-O-O+ Kc6 16. Rhe1 Bb4 17. Re3 Rhd8 18. Red3 Rxd3 19. Rxd3 e5
20. h4 Rf8 21. Nd5 Bd6 22. Rc3+ Kd7 23. Ne3 Nf4 24. Bxf4 exf4 25. Nc4 b5 26.
Nxd6 Kxd6 27. Rd3+ Kc6 28. b4 Rg8 29. Rd5 h6 30. Rf5 g5 31. Rf6+ Kb7 32. Rxh6
gxh4 33. Rxh4 Rg2 34. Rxf4 Rxf2 35. Kb1 a6 36. Rf6 c6 37. f4 Kc7 38. e5 Kd7 39.
f5 Rf4 40. e6+ Ke7 41. Rf7+ Ke8 42. a3 a5 43. bxa5 Ra4 44. Ra7 Rxa3 45. f6 Rd3
46. f7+ Kf8 47. Ra8+ 1-0

[Event "Julian Mazur Memorial"]
[Site "Wellington Chess Club"]
[Date "2021.08.05"]
[Round "3.26"]
[White "Mason, James"]
[Black "Miller, Jackson"]
[Result "1-0"]
[WhiteElo "1393"]
[BlackElo "1362"]

1. d4 d5 2. Bf4 Nf6 3. e3 e6 4. Nf3 Bd6 5. Bg3 O-O 6. Nbd2 b6 7. c3 c5 8. Bd3
Ba6 9. Bxa6 Nxa6 10. Ne5 Qc7 11. O-O Rac8 12. Ng4 Nxg4 13. Bxd6 Qxd6 14. Qxg4
f5 15. Qg5 f4 16. exf4 Qxf4 17. Nf3 cxd4 18. Qxf4 Rxf4 19. Nxd4 e5 20. Nf3 e4
21. Nd4 Nc5 22. f3 e3 23. Rad1 Re8 24. Rfe1 Rf7 25. Nc2 Rfe7 26. Rxd5 Na4 27.
b3 e2 28. bxa4 Rc8 29. Rd3 Rc4 30. Kf2 Rxa4 31. Nb4 a5 32. Nd5 Re6 33. Rxe2
Rxe2+ 34. Kxe2 Rxa2+ 35. Rd2 Rxd2+ 36. Kxd2 b5 37. Kc2 Kf7 38. Kb3 Ke8 39. Nc7+
1-0

[Event "Julian Mazur Memorial"]
[Site "Wellington Chess Club"]
[Date "2021.08.05"]
[Round "3.27"]
[White "Brockway, Andrew"]
[Black "Qu, Lucas"]
[Result "1-0"]
[WhiteElo "1790"]
[BlackElo "1255"]

1. e4 e5 2. Nf3 Nc6 3. Bb5 d6 4. d4 Be7 5. dxe5 dxe5 6. Qxd8+ Kxd8 7. Bxc6 bxc6
8. Nxe5 Ke8 9. Nxc6 Bb7 10. Nxe7 Nxe7 11. Nc3 f6 12. Bf4 Rc8 13. O-O Kf7 14.
Rad1 Rhe8 15. Rd7 Kg8 16. Rxc7 Rxc7 17. Bxc7 Nc6 18. f3 Nb4 19. Rf2 h5 20. a3
Nc6 21. Rd2 h4 22. h3 g5 23. Nd5 Kf7 24. Ne3 Rc8 25. Bh2 Rd8 26. Rxd8 Nxd8 27.
Nf5 Ke6 28. Nd4+ Kf7 29. Nb5 Ke6 30. Kf1 a6 { (=) } 31. Nd4+ Kf7 32. Ke2 Ne6
33. Nf5 Kg6 34. Bd6 Nf4+ 35. Bxf4 gxf4 36. Kd3 Kf7 37. Nd6+ Ke7 38. Nxb7 {
(Black resigned) } 1-0

[Event "Julian Mazur Memorial"]
[Site "Wellington Chess Club"]
[Date "2021.08.05"]
[Round "3.28"]
[White "Vachon, Mia"]
[Black "Malcolm, Aidan"]
[Result "0-1"]
[WhiteElo "1255"]
[BlackElo "1752"]

1. e4 e5 2. Nc3 Nc6 3. Nf3 Nf6 4. Bb5 d6 5. d4 exd4 6. Nxd4 Bd7 7. O-O Nxd4 8.
Bxd7+ Qxd7 9. Qxd4 Be7 10. f3 b6 11. Bg5 O-O 12. Bxf6 Bxf6 13. Qe3 c5 14. Rad1
Bd4 15. Rxd4 cxd4 16. Qxd4 Qc6 17. Kh1 Rfe8 18. f4 Rad8 19. Rf3 d5 20. Rg3 f6
21. e5 Rd7 22. h4 fxe5 23. fxe5 Qc5 24. Qf4 Rf8 25. Qg4 Rf1+ 26. Kh2 Qg1+ 27.
Kh3 Qh1# 0-1

[Event "Julian Mazur Memorial"]
[Site "Wellington Chess Club"]
[Date "2021.08.05"]
[Round "3.29"]
[White "Wang, Cheng Qi(Max)"]
[Black "Stracy, Don"]
[Result "0-1"]
[WhiteElo "1194"]
[BlackElo "1670"]

1. e4 c5 2. Nf3 e6 3. d4 cxd4 4. Nxd4 Nc6 5. Nc3 Nf6 6. Nf3 Be7 7. Bd3 O-O 8.
O-O d6 9. h3 a6 10. Be3 b5 11. a3 Bd7 12. b4 Qc7 13. Qb1 Rac8 14. Ne2 e5 15.
Ng3 g6 16. c4 bxc4 17. Bxc4 Nxb4 18. Bxf7+ Kxf7 19. axb4 Qc2 20. Qxc2 Rxc2 21.
Rac1 Rxc1 22. Rxc1 Rc8 {Black went on to win} 0-1

[Event "Julian Mazur Memorial"]
[Site "Wellington Chess Club"]
[Date "2021.08.05"]
[Round "3.30"]
[White "Turner, Giles"]
[Black "Darr, Samuel"]
[Result "0-1"]
[WhiteElo "1177"]
[BlackElo "1606"]

1. e4 e6 2. Nf3 d5 3. d3 dxe4 4. dxe4 Qxd1+ 5. Kxd1 Nf6 6. Nc3 Bb4 7. a3 Bxc3
8. bxc3 Nxe4 9. Be3 Nxc3+ 10. Kd2 Ne4+ 11. Ke1 b6 12. Rd1 O-O 13. Bd3 Bb7 14.
Ng5 Nxg5 15. Bxg5 h6 16. Be3 Nd7 17. h4 Ne5 18. Be2 Rad8 19. Rh3 Kh8 20. Rg3
Ng6 21. Bd4 e5 22. Ba1 Rfe8 23. Rgd3 Rxd3 24. Rxd3 Nf4 25. Rd7 Nxe2 26. Kxe2
Bxg2 27. Rxc7 f6 28. c4 a5 29. c5 bxc5 30. Rxc5 a4 31. Rc4 Ra8 32. Bc3 Bd5 33.
Rc5 Bb3 34. Bb4 Rd8 35. Ke3 Rd4 36. h5 Rh4 37. Rc8+ Kh7 38. Bf8 Rxh5 39. Rc7
Rg5 40. Bb4 h5 41. Rd7 h4 42. Bd2 h3 43. Ke4 Rh5 44. Bb4 h2 45. Bf8 h1=Q+ 46.
f3 Rh4+ 47. Ke3 Qe1+ 0-1

[Event "Julian Mazur Memorial"]
[Site "Wellington Chess Club"]
[Date "2021.08.05"]
[Round "3.31"]
[White "Moreno, Cristian"]
[Black "Hooper, John"]
[Result "1-0"]
[WhiteElo "1531"]
[BlackElo "977"]

1. c4 e6 2. d4 d5 3. c5 Nc6 4. Bf4 Nf6 5. e3 a6 6. Nc3 Be7 7. Nf3 O-O 8. a3 Bd7
9. b4 Ne4 10. Qc2 Nxc3 11. Qxc3 f5 12. Be2 Bf6 13. O-O Ne7 14. h3 Ng6 15. Bh2
Bb5 16. Bxb5 axb5 17. c6 b6 18. Qd3 Nh4 19. Ne5 Bxe5 20. Bxe5 Qg5 21. Bg3 f4
22. Bxh4 Qxh4 23. Kh2 f3 24. g3 Qh5 25. e4 g5 26. exd5 g4 27. h4 Qxd5 28. Qe3
Rf6 29. Rfc1 Re8 30. Qc3 Qd6 31. Ra2 Rh6 32. Kg1 e5 33. dxe5 Qxe5 34. Qb3+ Rhe6
35. Raa1 Kg7 36. Kf1 Qe2+ 37. Kg1 Rh6 38. Qc3+ Re5 39. Re1 Kg6 40. Qxe5 Qxe5
41. Rxe5 Kf7 42. Rc1 Re6 43. Rxb5 1-0

[Event "Julian Mazur Memorial"]
[Site "Wellington Chess Club"]
[Date "2021.08.12"]
[Round "4.1"]
[White "Croad, Nicolas"]
[Black "Dive, Russell"]
[Result "1-0"]
[WhiteElo "2442"]
[BlackElo "2389"]

1. d4 d5 2. c4 c6 3. Nf3 Nf6 4. e3 a6 5. Nc3 Bf5 6. Be2 h6 7. Qb3 b6 8. O-O e6
9. Ne5 Bd6 10. c5 Bxe5 11. dxe5 Nfd7 12. cxb6 Nxb6 13. Qb4 Qc7 14. b3 c5 15.
Qh4 O-O 16. Qg3 Nc6 17. e4 dxe4 18. Bxh6 Qxe5 19. Bf4 Qf6 20. Rac1 e5 21. Bg5
Qe6 22. Rfe1 Qg6 23. Bf1 Nd4 24. Be7 Rfc8 25. Qxg6 Bxg6 26. Nxe4 Nd5 27. Bxc5
a5 28. Nd6 Rd8 29. Rxe5 Nf4 30. Bxd4 Rxd6 31. Be3 Nd3 32. Bxd3 Rxd3 33. h4 Rd7
34. h5 Bd3 35. Bb6 a4 36. b4 Kh7 37. a3 Ra6 38. Be3 Rad6 39. b5 Rd5 40. Rxd5
Rxd5 41. b6 Rxh5 42. Rc7 Rb5 43. Rxf7 Kg6 44. Ra7 Bc2 45. Bd4 Kf5 46. Rxg7 Ke4
47. Be3 Kd3 48. b7 1-0

[Event "Julian Mazur Memorial"]
[Site "Wellington Chess Club"]
[Date "2021.08.12"]
[Round "4.2"]
[White "Forster, Bill"]
[Black "Ker, Anthony"]
[Result "0-1"]
[WhiteElo "2017"]
[BlackElo "2437"]

1. Nf3 c5 2. c4 g6 3. g3 Bg7 4. Bg2 Nc6 5. O-O d6 6. d3 e5 7. Nc3 Nge7 8. Rb1
O-O 9. a3 a5 10. e3 Rb8 11. b3 d5 12. cxd5 Nxd5 13. Nxd5 Qxd5 14. Bb2 Qd6 15.
Qc2 Bf5 16. Rfd1 Rbd8 17. Ne1 Rd7 18. Rbc1 b6 19. b4 axb4 20. Qa4 bxa3 21. Bxa3
Rc8 22. Bb2 Ra7 23. Qb5 Na5 24. Bc3 Bd7 25. Qb2 b5 26. f4 f6 27. fxe5 fxe5 28.
Nf3 Re8 29. Ng5 b4 30. Qa2+ b3 31. Qd2 Nc6 32. Ne4 Qe7 33. Bb2 Ra5 34. Qc3 Bf8
35. Qxb3+ Be6 36. Qc3 Bh6 37. Re1 Nb4 38. Nxc5 (38. Qxe5 $1 Nxd3 $2 39. Qh8+
Kf7 40. Qxh7+ Kf8 41. Qxh6+ Kg8 42. Qh8+ Kf7 43. Qg7#) 38... Rxc5 39. Qxc5 Qxc5
40. Rxc5 Nxd3 41. Rxe5 Nxe1 42. Be4 Bg7 43. Rb5 Bc4 44. Rc5 Bf7 45. Bxg7 Kxg7
0-1

[Event "Julian Mazur Memorial"]
[Site "Wellington Chess Club"]
[Date "2021.08.12"]
[Round "4.3"]
[White "Sellen, Ian"]
[Black "Ackroyd, William"]
[Result "1-0"]
[WhiteElo "2027"]
[BlackElo "1790"]

1. c4 c5 2. Nf3 Nc6 3. Nc3 g6 4. g3 Bg7 5. Bg2 Nf6 6. O-O e5 7. d3 d6 8. Rb1
O-O 9. a3 a5 10. Nd2 Ne8 11. Nd5 Rb8 (11... Nc7 12. Nb6 Ra6 13. Nxc8 Qxc8 (
13... f5) 14. Ne4) 12. b4 axb4 13. axb4 cxb4 14. Nxb4 Nxb4 15. Rxb4 Nc7 16. Ba3
Re8 17. Qb1 d5 18. Rb6 dxc4 19. Nxc4 Nd5 20. Rd6 1-0

[Event "Julian Mazur Memorial"]
[Site "Wellington Chess Club"]
[Date "2021.08.12"]
[Round "4.4"]
[White "Pomeroy, Arthur"]
[Black "Van der Hoorn, Thomas"]
[Result "1-0"]
[WhiteElo "1994"]
[BlackElo "1946"]

1. e4 e5 2. Nf3 Nc6 3. Bb5 a6 4. Ba4 Nf6 5. O-O Be7 6. Re1 b5 7. Bb3 O-O 8. a4
b4 9. d4 d6 10. dxe5 Nxe5 11. Nxe5 dxe5 12. Qe2 Bb7 13. Nd2 Bc5 14. Bc4 Nd7 15.
Nb3 Bb6 16. a5 Ba7 17. Be3 Bxe3 18. Qxe3 Qe7 19. Rad1 Kh8 20. Rd2 f5 21. exf5
Rxf5 22. f3 Raf8 23. Red1 Nf6 24. Nc5 Ba8 25. Ne6 Re8 26. Rd8 Bc6 27. Rxe8+
Nxe8 28. Qc5 (28. Nd4 Qd6 29. Nxf5 Qxd1+ 30. Bf1 $10) 28... Qxc5+ 29. Nxc5 Nd6
30. Nxa6 Rf8 31. Bf1 Nf5 32. Nxb4 Ne3 33. Re1 Nxf1 34. Nxc6 Nd2 35. Rxe5 1-0

[Event "Julian Mazur Memorial"]
[Site "Wellington Chess Club"]
[Date "2021.08.12"]
[Round "4.5"]
[White "Cilia Vincenti, David"]
[Black "Winsley, Daniel"]
[Result "1-0"]
[WhiteElo "2197"]
[BlackElo "1829"]

1. d4 d5 2. c4 c6 3. cxd5 cxd5 4. Bf4 Nc6 5. e3 Nf6 6. Nc3 a6 7. Rc1 Bf5 8. Nf3
e6 9. Qb3 Qd7 10. Be2 Be7 11. O-O O-O 12. Na4 Qd8 13. Qxb7 Na5 14. Qc7 Nh5 15.
Qxd8 Bxd8 16. Bd6 Re8 17. Ne5 Nb7 18. Bc7 Nf6 19. Nb6 Ra7 20. Bxd8 Nxd8 21. Nc8
Ra8 22. Nd6 Re7 23. f3 Nd7 24. Nxf5 exf5 25. Rc7 Rxe5 26. dxe5 Nxe5 27. Rfc1
1-0

[Event "Julian Mazur Memorial"]
[Site "Wellington Chess Club"]
[Date "2021.08.12"]
[Round "4.6"]
[White "Archer, Ollie"]
[Black "Benitez, Edgar"]
[Result "0-1"]
[WhiteElo "1822"]
[BlackElo "1988"]

1. d4 d5 2. c4 e5 3. dxe5 d4 4. Nf3 Nc6 5. Bf4 Be6 6. Nbd2 Qd7 7. a3 a5 8. Rc1
a4 9. Ne4 Be7 10. e3 Bg4 11. exd4 Bxf3 12. Qxf3 Nxd4 13. Qg3 Ne6 14. Be2 Qd4
15. Qe3 Qxb2 16. c5 Nxf4 17. Qxf4 f6 18. e6 Qe5 19. Bb5+ Kf8 20. Qxe5 fxe5 21.
O-O Bf6 22. f4 exf4 23. Rxf4 Ke7 24. Bd7 Bd4+ 25. Kh1 Nf6 26. Nxf6 Bxf6 27.
Rcf1 Ra5 28. Rf5 Rb8 29. g4 h6 30. h4 Rh8 31. g5 hxg5 32. Kg2 gxh4 33. Kh3 b6
34. Rc1 Rb8 35. cxb6 cxb6 36. Rxa5 bxa5 37. Rc7 Rb3+ 38. Kg4 Rxa3 39. Bc8+ Ke8
40. Bb7 Rg3+ 41. Kf5 Rg5+ 42. Kf4 Re5 43. Bc6+ Kd8 44. Rd7+ Kc8 45. Bb7+ Kb8
46. Bd5 a3 47. Rb7+ Kc8 48. Rd7 h3 0-1

[Event "Julian Mazur Memorial"]
[Site "Wellington Chess Club"]
[Date "2021.08.12"]
[Round "4.7"]
[White "Winsley, Nicholas"]
[Black "Hall, Nathan"]
[Result "1/2-1/2"]
[WhiteElo "1821"]
[BlackElo "1974"]

1. e4 e6 2. d4 d5 3. e5 c5 4. c3 Nc6 5. Nf3 Qb6 6. a3 a5 7. Bd3 Bd7 8. Bc2 Rc8
9. O-O f5 10. Re1 Be7 11. Bxf5 exf5 12. e6 Nf6 13. exd7+ Kxd7 14. Ne5+ Ke8 15.
Qf3 g6 16. dxc5 Qxc5 17. Bh6 Ne4 18. Nd3 Qd6 19. a4 Qf6 20. Be3 Kf7 21. Na3
Rhd8 22. Nb5 g5 23. Nd4 f4 24. Nxc6 bxc6 25. Bd4 Qf5 26. Qh5+ Kg8 27. Ne5 c5
28. Ng4 Qg6 29. Qxg6+ hxg6 30. Be5 Kf7 31. f3 Nf6 32. Nh6+ Kg7 33. Ng4 Kf7 34.
Nh6+ Kf8 35. Bxf6 Bxf6 36. Re6 Kg7 37. Ng4 Rf8 38. Rd1 Rcd8 39. Rc6 d4 40. Rxc5
dxc3 41. Rc7+ Rf7 42. Rxf7+ Kxf7 43. Rxd8 Bxd8 44. bxc3 Ke6 45. Kf1 Kd5 46. Ke2
Kc4 47. Kd2 Kb3 48. Nf2 Kxa4 49. Kc2 Kb5 50. Ne4 Be7 51. Nd2 a4 52. Kb2 1/2-1/2

[Event "Julian Mazur Memorial"]
[Site "Wellington Chess Club"]
[Date "2021.08.12"]
[Round "4.8"]
[White "Wevers, Alexis"]
[Black "Loke, Kayden"]
[Result "0-1"]
[WhiteElo "1818"]
[BlackElo "1970"]

1. c4 Nf6 2. Nc3 e6 3. d4 c5 4. d5 exd5 5. cxd5 d6 6. e4 g6 7. f3 Bg7 8. Nge2
O-O 9. Ng3 h5 10. Bg5 Qb6 11. Qd2 Nh7 12. Be3 Nd7 13. Bc4 a6 14. O-O Qc7 15. a4
Ne5 16. b3 Qa5 17. Rac1 Re8 18. f4 Nxc4 19. bxc4 Bxc3 20. Rxc3 h4 21. Ne2 Bg4
22. Nc1 Rxe4 23. f5 Rae8 24. fxg6 fxg6 25. Bh6 Qxa4 26. Qb2 Re1 27. Rb3 Rxf1+
28. Kxf1 Qxc4+ 29. Rd3 Re5 30. Bf4 Qxf4+ 0-1

[Event "Julian Mazur Memorial"]
[Site "Wellington Chess Club"]
[Date "2021.08.12"]
[Round "4.9"]
[White "Jelley, Arch"]
[Black "Jackson, Ross"]
[Result "0-1"]
[WhiteElo "1748"]
[BlackElo "1908"]

1. e4 c5 2. Nf3 e6 3. c3 Nf6 4. e5 Nd5 5. d4 cxd4 6. cxd4 d6 7. Be2 Nc6 8. O-O
dxe5 9. dxe5 Bd7 10. a3 Qc7 11. Bc4 Nb6 12. Ba2 Nxe5 13. Bf4 Bd6 14. Bg3 Nxf3+
15. Qxf3 Bxg3 16. hxg3 O-O 17. Nd2 Bc6 18. Qc3 Qe7 19. Rac1 Rfd8 20. Kh2 Qg5
21. Nf3 Qh5+ 22. Kg1 Bd5 23. Bb1 Qh6 24. Rcd1 Rdc8 25. Qd4 Rc4 26. Qd3 g6 27.
Nd4 a6 28. f3 Rac8 29. f4 R4c7 30. Kf2 Bc4 31. Rh1 Qxh1 32. Rxh1 Bxd3 33. Bxd3
Rd8 0-1

[Event "Julian Mazur Memorial"]
[Site "Wellington Chess Club"]
[Date "2021.08.12"]
[Round "4.11"]
[White "Heyworth, Nicholas"]
[Black "Pendharkar, Ajit"]
[Result "0-1"]
[WhiteElo "1838"]
[BlackElo "1686"]

1. e4 c6 2. d4 d5 3. e5 Bf5 4. c4 e6 5. Nc3 Ne7 6. a3 h6 7. c5 Bh7 8. Bd3 Bxd3
9. Qxd3 Ng6 10. Nge2 Be7 11. O-O O-O 12. f4 Nh4 13. Ng3 Nd7 14. Bd2 a5 15. b4
axb4 16. axb4 b5 17. f5 Bg5 18. Rxa8 Qxa8 19. Bxg5 hxg5 20. Qe3 Qd8 21. Qe2
exf5 22. Nxf5 Nxf5 23. Rxf5 g6 24. Rf1 Re8 25. Qg4 Nf8 26. h4 gxh4 27. Rf6 Re6
28. Qxh4 Rxf6 29. exf6 Nh7 30. Qe1 Nxf6 31. Qe5 Ng4 32. Qe2 Qg5 33. Nd1 Qf4 34.
Nf2 Nxf2 35. Qxf2 Qxf2+ 36. Kxf2 Kg7 37. Kf3 g5 38. Kg4 Kg6 39. g3 f6 40. Kf3
Kf5 41. g4+ Ke6 42. Ke3 f5 43. Kf3 fxg4+ 44. Kxg4 Kf6 45. Kg3 Kf5 46. Kf3 g4+
0-1

[Event "Julian Mazur Memorial"]
[Site "Wellington Chess Club"]
[Date "2021.08.12"]
[Round "4.12"]
[White "Wojnar, Jacek"]
[Black "Jones, Christopher"]
[Result "1-0"]
[WhiteElo "2092"]
[BlackElo "1253"]

1. e4 e5 2. d4 exd4 3. Qxd4 Nc6 4. Qe3 Be7 5. Bd2 Nf6 6. Nc3 d5 7. exd5 Nxd5 8.
Qg3 Bf6 9. O-O-O Be6 10. Nf3 Ncb4 11. Bg5 Qe7 12. Nxd5 Nxa2+ 13. Kb1 Rd8 14.
Bb5+ c6 15. Nxe7 Kxe7 16. Qc7+ Rd7 17. Rxd7+ Bxd7 18. Re1+ 1-0

[Event "Julian Mazur Memorial"]
[Site "Wellington Chess Club"]
[Date "2021.08.12"]
[Round "4.13"]
[White "Sole, Michael"]
[Black "Evans, Oliver"]
[Result "1-0"]
[WhiteElo "2011"]
[BlackElo "1550"]

1. e4 e6 2. d4 c5 3. d5 exd5 4. exd5 d6 5. Bd3 Nf6 6. c4 Nbd7 7. f4 Be7 8. Ne2
O-O 9. O-O a5 10. Nbc3 Nb6 11. Ng3 Bg4 12. Qc2 h5 13. h3 h4 14. hxg4 hxg3 15.
g5 Ng4 16. Ne4 g6 17. Nxg3 Re8 18. Bxg6 Bf8 19. Bxf7+ Kxf7 20. Qh7+ Bg7 21. Nh5
Rf8 22. Qf5+ Nf6 23. gxf6 Bxf6 24. b3 Rh8 25. Qxf6+ Qxf6 26. Nxf6 Rh6 27. Bb2
a4 28. Kf2 a3 29. Bc3 Nc8 30. Rh1 Rxf6 31. Bxf6 Kxf6 32. Rh8 Kf5 33. Kf3 b5 34.
Rh6 bxc4 35. g4# 1-0

[Event "Julian Mazur Memorial"]
[Site "Wellington Chess Club"]
[Date "2021.08.12"]
[Round "4.15"]
[White "Farrington, Lawrence"]
[Black "Marney, John"]
[Result "0-1"]
[WhiteElo "1604"]
[BlackElo "1663"]

1. e4 e5 2. Nf3 Nc6 3. Nc3 Nf6 4. Bb5 Bb4 5. O-O O-O 6. Bxc6 bxc6 7. d3 Re8 8.
Ne2 d5 9. Ng3 dxe4 10. dxe4 Ba6 11. Bd2 Bxd2 12. Nxd2 Bxf1 13. Kxf1 Qd4 14. c3
Qd3+ 15. Qe2 Red8 16. Qxd3 Rxd3 17. Ke2 Rd6 18. Nc4 Re6 19. Rd1 Kf8 20. f3 g6
21. Nf1 Ke7 22. Nfd2 Nh5 (22... Nd7) 23. g3 f5 24. Nb3 Rd8 25. Rxd8 Kxd8 26.
Nc5 Re7 27. Nd3 fxe4 28. fxe4 Nf6 29. Ncxe5 Re6 30. Kf3 Ke7 31. Kf4 c5 32. Nf2
Nh5+ 0-1